10 Villes - Coordonnées géographiques - Statistiques

Statistiques générales
  • Ce quiz a été pris 46 fois
  • Le résultat moyen est 6 sur 10
Statistiques - réponses
Question Réponse % Correct
35° 41' 22 N / 139° 41' 30 E Tokyo
100%
42° 21' 36 N / 71° 3' 31 O Boston
75%
53° 20' 59 N / 6° 15' 37 O Dublin
75%
4° 35' 53 N / 74° 4' 32 O Bogota
63%
41° 53' 30 N / 12° 30' 40 E Rome
63%
1° 20' 9 N / 103° 56' 19 E Singapour
63%
12° 2' 46 S / 77° 2' 34 O Lima
50%
35° 41' 46 N / 51° 25' 23 E Teheran
50%
50° 51' 1 N / 4° 21' 6 E Bruxelles
38%
26° 12' 14 S / 28° 2' 50 E Johannesburg
13%
Aucun quiz correspondant
Distribution des résultats
% des personnes avec chaque résultat
Percentile par nombre de réponses
Votre historique - résultats
Vous n’avez pas pris ce quiz